Match Song To Album for Blink-182 - Statistics

General Stats
  • This quiz has been taken 34 times
  • The average score is 32 of 50
Answer Stats
Song Album % Correct
I Miss You Blink-182 (Self Titled)
100%
All The Small Things Enema Of The State
100%
Dammit Dude Ranch
96%
First Date Take Off Your Pants And Jacket
96%
Bored To Death California
91%
Carousel Cheshire Cat
87%
I Really Wish I Hated You NINE
87%
EDGING One More Time
87%
Don't Leave Me Enema Of The State
83%
After Midnight Neighborhoods
83%
Stockholm Syndrome Blink-182 (Self Titled)
78%
Reckless Abandon Take Off Your Pants And Jacket
78%
Asthenia Blink-182 (Self Titled)
74%
Violence Blink-182 (Self Titled)
74%
Reebok Commercial Buddha
74%
Wendy Clear Enema Of The State
70%
Here's Your Letter Blink-182 (Self Titled)
65%
Voyeur Dude Ranch
65%
Going Away To College Enema Of The State
65%
Dysentery Gary Enema Of The State
65%
Adam's Song Enema Of The State
65%
Go Blink-182 (Self Titled)
61%
No Future California
61%
Waggy Dude Ranch
61%
Kaleidoscope Neighborhoods
61%
Give Me One Good Reason Take Off Your Pants And Jacket
61%
Shut Up Take Off Your Pants And Jacket
61%
Man Overboard The Mark, Tom And Travis Show
61%
I'm Lost Without You Blink-182 (Self Titled)
57%
Brohemian Rhapsody California
57%
Black Rain NINE
57%
Family Reunion The Mark, Tom And Travis Show
57%
The Fallen Interlude Blink-182 (Self Titled)
52%
Strings Cheshire Cat
52%
Pretty Little Girl Dogs Eating Dogs
52%
MH 4.18.2011 Neighborhoods
52%
Blink Wave One More Time
52%
Teenage Satellites California
48%
Misery California Deluxe
48%
I'm Sorry Dude Ranch
48%
Another Girl Another Planet Greatest Hits
48%
Turn This Off! One More Time
48%
The Girl Next Door Buddha
43%
Built This Pool California
43%
Disaster Dogs Eating Dogs
43%
Remember To Forget Me NINE
43%
Cacophony Cheshire Cat
39%
Hungover You NINE
39%
6/8 California Deluxe
35%
Bottom Of The Ocean California Deluxe
30%
No matching quizzes found
Score Distribution
Percent of People with Each Score
Percentile by Number Answered
Your Score History
You have not taken this quiz